Statistiques concernant Les Réponses en B [QUIZZ FR]

Cliquez ici pour prendre le quiz!

Statistiques générales

  • Ce quiz a été pris 409 fois
    (406 depuis la dernière actualisation)
  • Le résultat moyen est 12 sur 15

Statistiques - réponses

IndiceRéponse% Correct
Pays francophoneBelgique
96%
La gauche sur un bateauBâbord
94%
Ville EspagnoleBarcelone
93%
Diplôme de collegeBrevet
93%
Pain françaisBaguette
92%
Animal MarinBaleine
90%
Moyen de cuisson estivalBarbecue
84%
Éléments essensiels d'une prisonBarreaux
84%
Petit bateau sans voile ni héliceBarque
79%
Nage de la grenouilleBrasse
78%
Légume rougeBetterave
72%
SonBruit
72%
Pain très aérien, souvent sucréBrioche
65%
Fait d'argile, pour construire un murBrique
61%
Liquide potable apréciéeBoisson
39%

Distribution des résultats

Percentile par nombre de réponses

% des personnes avec chaque résultat

Votre développement - résultats

Vous n’avez pas pris ce quiz depuis la dernière actualisation